000 00728nam a2200229 a 4500
999 _c10843
_d10843
001 10843
003 BD-JhCC
005 20190708100603.0
008 190521b20192014bd ||||| a||| 00| 0 ben d
020 _a9789849074748
035 _a(BD-JhCC)10843
040 _aBD-JhCC
_dBD-JhCC
041 _aeng
082 _bKHO 2019
_a954.92
100 _aখন্দকার, এ কে
245 _a১৯৭১ :
_bভেতরে বাইরে /
_c এ কে খন্দকার
260 _aঢাকা, বাংলাদেশ:
_bপ্রথমা প্রকাশন,
_c2019.
300 _a231 p.
_bIncluded
_c22 cm.
650 _aHistory of Bangladesh in -1971
_zBangaldesh
942 _2ddc
_cBK